|
|
|
|
| LEADER |
02670pam a22004937a 4500 |
| 001 |
AALVitalSourceebook000001 |
| 003 |
BD-DhAAL |
| 005 |
20230911105005.0 |
| 006 |
m||||||||d|||||||| |
| 007 |
cr ||||||||||| |
| 008 |
180726s2019 enk ob 001 0 eng |
| 010 |
|
|
|a 2020692577
|
| 020 |
|
|
|a 9781351581080
|
| 020 |
|
|
|a 9781315098760
|
| 020 |
|
|
|z 9781138298224
|
| 020 |
|
|
|z 9781138298255
|
| 040 |
|
|
|a DLC
|b eng
|e rda
|c DLC
|d DLC
|d BD-DhAAL
|
| 050 |
0 |
0 |
|a LC1099
|
| 082 |
0 |
0 |
|a 370.1170785
|2 23
|
| 100 |
1 |
|
|a Jackson, Jane,
|e author.
|9 45038
|
| 245 |
1 |
0 |
|a Online intercultural education and study abroad
|h [electronic resource] :
|b theory into practice /
|c Jane Jackson.
|
| 264 |
|
1 |
|a London ;
|a New York :
|b Routledge, Taylor & Francis Group,
|c 2019.
|
| 300 |
|
|
|a 1 online resource
|
| 490 |
0 |
|
|a Internationalization in higher education
|
| 500 |
|
|
|a <strong>Off-Campus Access:</strong> User ID and Password Required
|
| 500 |
|
|
|a <strong>On-Campus Access:</strong> User ID or Password Required
|
| 500 |
|
|
|a Access type: Perpetual access
|
| 504 |
|
|
|a Includes bibliographical references and index.
|
| 505 |
0 |
|
|a Language and (inter)cultural learning through study abroad -- The design and development of online intercultural intervention -- Ethnographic investigation of online course -- Hardy's story -- Suki's story -- Chloe's story -- Dora's story -- Online intercultural education : affordances and constraints -- Lessons learned : optimising study abroad through online intercultural education.
|
| 526 |
|
|
|a ENH
|x M. Mahmudul Haque
Assistant Professor
|
| 538 |
|
|
|a Mode of access: Internet
|
| 541 |
|
|
|a VitalSource Task Force Research Grant
|h USD 76.95
|
| 650 |
|
0 |
|a Multicultural education
|x Computer-assisted instruction.
|9 45039
|
| 650 |
|
0 |
|a Intercultural communication
|x Computer-assisted instruction.
|9 45040
|
| 650 |
|
0 |
|a International education
|x Computer-assisted instruction.
|9 45041
|
| 650 |
|
0 |
|a Foreign study.
|9 45042
|
| 650 |
|
0 |
|a Education.
|9 45044
|
| 655 |
|
|
|a Electronic books.
|
| 830 |
|
|
|a Internationalization in higher education
|9 45043
|
| 852 |
|
|
|a Ayesha Abed Library
|
| 856 |
|
|
|z Full text available on VitalSource
|u https://www.vitalsource.com/products/online-intercultural-education-and-study-abroad-jane-jackson-v9781351581080?term=9781315098760
|
| 942 |
|
|
|2 ddc
|c EBK
|
| 999 |
|
|
|c 43440
|d 43440
|
| 952 |
|
|
|0 0
|1 0
|2 ddc
|4 0
|6 370_117078500000000_JAC
|7 0
|9 69706
|a BRACUL
|b BRACUL
|d 2022-01-17
|e VitalSource Task Force Research Grant
|g 6591.47
|l 0
|o 370.1170785 JAC
|r 2022-01-17
|t 1
|w 2022-01-17
|y EBK
|x As discussed with Acquisition team, according to invoice date (11.01.2022) of the ebook, converted USD $76.95 to BDT 6591.47.
|